| 000 | 00840nam a2200301 4500 | ||
|---|---|---|---|
| 001 | |||
| 003 | DO-SdBNP | ||
| 005 | 20220922112312.0 | ||
| 007 | 000005351 | ||
| 008 | 090819s 2000 sp 000 0 spa d | ||
| 020 | _a8483360500 | ||
| 020 | _a8466201149 | ||
| 040 |
_aBPMSU _bspa _cBPMSU |
||
| 082 | 4 |
_a843.8 _bV531v 2000 _222 |
|
| 100 | 1 |
_aVerne, Julio _d1828-1905. |
|
| 245 | 1 | 3 |
_aLa vuelta al mundo en 80 días / _cJulio Verne: ilustraciones José Lovera. |
| 260 |
_aSanto Domingo : _bAlfa y Omega, _c2000. |
||
| 300 |
_a252 p. ; _c23 cm. |
||
| 490 | 0 | _aIsla misteriosa | |
| 500 | _3Incluye notas al pie de las páginas | ||
| 590 | _6Inventariado, 2022/VM | ||
| 650 | 4 | _aNovela francesa. | |
| 650 | 4 | _a Novela de aventuras | |
| 650 | 4 | _aLiteratura juvenil | |
| 700 |
_a _e |
||
| 910 | _aVMateo V. /Validado | ||
| 942 |
_2ddc _cBK |
||
| 999 |
_c9035 _d9035 |
||